Desarrollo y formulaciones do libertad enel concepto de Pablo. (Record no. 20190)

MARC details
000 -LEADER
campo de control de longitud fija 00615ntaaa2200193 4500
003 - IDENTIFICADOR DE NÚMERO DE CONTROL
campo de control 01
005 - FECHA Y HORA DE LA ÚLTIMA TRANSACCIÓN
campo de control 20251027202520.0
008 - DATOS DE LONGITUD FIJA--INFORMACIÓN GENERAL
campo de control de longitud fija 0714s1973 ag 01
040 ## - FUENTE DE CATALOGACIÓN
Centro catalogador/agencia de origen AR-BaBN
Lengua de catalogación spa
Centro/agencia transcriptor AR-BaBN
Normas de descripción aacr
Centro/agencia modificador RIC
082 ## - NÚMERO DE LA CLASIFICACIÓN DECIMAL DEWEY
Número de clasificación 227.0200 V71
100 ## - ENTRADA PRINCIPAL--NOMBRE DE PERSONA
Nombre de persona Villar, Julio A.
9 (RLIN) 24131
245 ## - MENCIÓN DEL TÍTULO
Título Desarrollo y formulaciones do libertad enel concepto de Pablo.
250 ## - MENCION DE EDICION
Mención de edición 1 ed.
260 ## - PUBLICACIÓN, DISTRIBUCIÓN, ETC.
Lugar de publicación, distribución, etc. Buenos Aires :
Nombre del editor, distribuidor, etc. Seminarion Internacional Teologico Bautista,
Fecha de publicación, distribución, etc. 1959
300 ## - DESCRIPCIÓN FÍSICA
Extensión 66p.
500 ## - NOTA GENERAL
Nota general Tesis presentada para obtener el titulo de Licenciado en teologia en este Seminario
650 ## - PUNTO DE ACCESO ADICIONAL DE MATERIA--TÉRMINO DE MATERIA
Término de materia o nombre geográfico como elemento de entrada Pablo Libertad
9 (RLIN) 24132
942 ## - ELEMENTOS DE ENTRADA SECUNDARIOS (KOHA)
Tipo de ítem Koha Colección General
Holdings
Estatus retirado Estado de pérdida Estado de daño No para préstamo Biblioteca de origen Biblioteca actual Fecha de adquisición Número de inventario Total de préstamos Signatura topográfica completa Código de barras Visto por última vez Precio de reemplazo Tipo de ítem Koha
        Biblioteca Pluis Biblioteca Pluis 27/10/2025 23008   227.0200 V71 23008 27/10/2025 27/10/2025 TESIS
        Biblioteca Pluis Biblioteca Pluis 27/10/2025 23009     23009 27/10/2025 27/10/2025 Colección General